|
|
|
|
| LEADER |
00000nbm0a2200000 4500 |
| 001 |
126125 |
| 005 |
20231031131731.0 |
| 035 |
|
|
|a (RuTPU)RU\TPU\book\136454
|
| 090 |
|
|
|a 126125
|
| 100 |
|
|
|a 20071123d1974 k y0rusy50 ca
|
| 101 |
0 |
|
|a rus
|
| 102 |
|
|
|a RU
|
| 105 |
|
|
|a a m 001zy
|
| 200 |
1 |
|
|a Моделирование и оптимизация процессов при циклическом ускорении электронов
|e диссертация на соискание ученой степени доктора технических наук
|f В. А. Кочегуров
|g Томский политехнический институт
|
| 210 |
|
|
|a Томск
|d 1974
|
| 215 |
|
|
|a 314 л.
|c ил.
|
| 320 |
|
|
|a Библиогр.: с.290-310
|
| 610 |
1 |
|
|a электроны
|
| 610 |
1 |
|
|a циклическое ускорение
|
| 610 |
1 |
|
|a оптимизация
|
| 610 |
1 |
|
|a моделирование процесса
|
| 610 |
1 |
|
|a электронные пучки
|
| 610 |
1 |
|
|a транспортировка
|
| 610 |
1 |
|
|a ускорители
|
| 610 |
1 |
|
|a системы управления
|
| 610 |
1 |
|
|a теория надежности
|
| 610 |
1 |
|
|a эксплуатация
|
| 610 |
1 |
|
|a математическое программирование
|
| 610 |
1 |
|
|a диссертации
|
| 610 |
1 |
|
|a труды учёных ТПУ
|
| 675 |
|
|
|a 539.1.076.613(048)
|v 3
|
| 700 |
|
1 |
|a Кочегуров
|b В. А.
|c математик
|c профессор Томского политехнического университета
|f 1931-
|g Владимир Александрович
|2 stltpush
|3 (RuTPU)RU\TPU\pers\13833
|
| 712 |
0 |
2 |
|a Томский политехнический институт
|z 1944-1991
|2 stltpush
|3 (RuTPU)RU\TPU\col\1123
|
| 801 |
|
1 |
|a RU
|b 63413507
|c 20071123
|g PSBO
|
| 801 |
|
2 |
|a RU
|b 63413507
|c 20130325
|g PSBO
|
| 942 |
|
|
|c BK
|